Caudal / (Record no. 29697)

MARC details
000 -LEADER
campo de control de longitud fija 00507nam a2200169 i 4500
001 - NÚMERO DE CONTROL
campo de control 29697
003 - IDENTIFICADOR DE NÚMERO DE CONTROL
campo de control ES-MaACL
005 - FECHA Y HORA DE LA ÚLTIMA TRANSACCIÓN
campo de control 20230906154056.0
007 - CAMPO FIJO DE DESCRIPCIÓN FÍSICA--INFORMACIÓN GENERAL
campo de control de longitud fija t|
008 - DATOS DE LONGITUD FIJA--INFORMACIÓN GENERAL
campo de control de longitud fija 030122s1958 sp ||||1| spa d
100 1# - ENTRADA PRINCIPAL--NOMBRE DE PERSONA
Nombre de persona Ballesteros Jaime, Lucio.
9 (RLIN) 25059
245 10 - MENCIÓN DEL TÍTULO
Título Caudal /
Mención de responsabilidad, etc. Lucio Ballesteros Jaime ; prólogo de José Ombuena.
260 ## - PUBLICACIÓN, DISTRIBUCIÓN, ETC.
Lugar de publicación, distribución, etc. Valencia :
Nombre del editor, distribuidor, etc. [s.n.,
Fecha de publicación, distribución, etc. 1958] (
Fabricante Tip. sucs. Vives Mora)
300 ## - DESCRIPCIÓN FÍSICA
Extensión 81 p. ;
Dimensiones 25 cm.
700 1# - ENTRADA AGREGADA--NOMBRE PERSONAL
Nombre de persona Ombuena, José.
9 (RLIN) 87038
852 ## - LOCALIZACIÓN
Ubicación ES-MaACL
Número de control de estantería 1699-F-8
Sublocalización o colección R.42656
Holdings
Estatus retirado Estado de pérdida Estado de daño No para préstamo Colección Biblioteca de origen Biblioteca actual Ubicación en estantería Fecha de adquisición Fuente de adquisición Total de préstamos Signatura topográfica completa Código de barras Visto por última vez Precio de reemplazo Tipo de ítem Koha
        Colección de folletos Biblioteca del Ateneo de Madrid Biblioteca del Ateneo de Madrid Depósito folletos 17/01/2008     1699-F-8 1030662 23/02/2023 23/02/2023 Folleto